00277pab a2200109 454500008003600000100001400036245003800050362002000088650001800108650002100126773002000147180718b xxu||||| |||| 00| 0 eng d aPuri R.K. aMega cities: bane of urbanisation a11 Oct 93, p.13 a Urbanisation aCities and Towns aHindustan Times